Multinational financial management. (3rd ed.) (Record no. 78672)

MARC details
000 -LEADER
fixed length control field 01137nam a2200217 a 4500
008 - FIXED-LENGTH DATA ELEMENTS--GENERAL INFORMATION
fixed length control field 120416s1989 ||||||||||||||||| || u
020 ## - INTERNATIONAL STANDARD BOOK NUMBER
International Standard Book Number 0205117775
050 ## - LIBRARY OF CONGRESS CALL NUMBER
Classification number HG 4027.5 Sha
100 ## - MAIN ENTRY--PERSONAL NAME
Personal name Shapiro, Alan C
245 10 - TITLE STATEMENT
Title Multinational financial management. (3rd ed.)
250 ## - EDITION STATEMENT
Edition statement 3rd ed.
260 ## - PUBLICATION, DISTRIBUTION, ETC.
Place of publication, distribution, etc. Boston:
Name of publisher, distributor, etc. Allyn and Bacon
Date of publication, distribution, etc. 1989
300 ## - PHYSICAL DESCRIPTION
Extent xviii, 878p. : ill.
350 ## -
-- 0.00
650 ## - SUBJECT ADDED ENTRY--TOPICAL TERM
Topical term or geographic name entry element INTERNATIONAL BUSINESS ENTERPRISES--FINANCE
650 #0 - SUBJECT ADDED ENTRY--TOPICAL TERM
Topical term or geographic name entry element FINANCE--DEVELOPING COUNTRIES
995 ## -
-- ANNEX COLLECTION (Main Library)
-- 0.00
-- 007445
-- CBU-MAIN LIBRARY (Kitwe)
-- 3
-- 52.50
-- HG 4027.5 Sha
-- AVAILABLE
-- 007445
-- Annex Low-Usage Collection
995 ## -
-- ANNEX COLLECTION (Main Library)
-- 0.00
-- 007448
-- CBU-MAIN LIBRARY (Kitwe)
-- 1
-- 52.50
-- HG 4027.5 Sha
-- AVAILABLE
-- 007448
-- Annex Low-Usage Collection
995 ## -
-- ANNEX COLLECTION (Main Library)
-- 0.00
-- 007446
-- CBU-MAIN LIBRARY (Kitwe)
-- 4
-- 52.50
-- HG 4027.5 Sha
-- AVAILABLE
-- 007446
-- Annex Low-Usage Collection
995 ## -
-- ANNEX COLLECTION (Main Library)
-- 0.00
-- 725365
-- CBU-MAIN LIBRARY (Kitwe)
-- 2
-- 52.50
-- HG 4027.5 Sha
-- AVAILABLE
-- 007447
-- Annex Low-Usage Collection
999 ## -
-- 78672
-- 78672
Holdings
Withdrawn status Lost status Source of classification or shelving scheme Damaged status Not for loan Permanent Location Current Location Shelving location Date acquired Total Checkouts Full call number Barcode Date last seen Copy number Price effective from Koha item type
          CBU-MAIN LIBRARY, KITWE. CBU-MAIN LIBRARY, KITWE.   06/06/2023   HG 4027.5 Sha 007445 06/06/2023 1 06/06/2023 MONOGRAPH
Withdrawn         CBU-MAIN LIBRARY, KITWE. CBU-MAIN LIBRARY, KITWE.   06/06/2023   HG 4027.5 Sha 007448 06/06/2023 2 06/06/2023 MONOGRAPH
          CBU-MAIN LIBRARY, KITWE. CBU-MAIN LIBRARY, KITWE.   06/06/2023   HG 4027.5 Sha 007446 06/06/2023 3 06/06/2023 MONOGRAPH
          CBU-MAIN LIBRARY, KITWE. CBU-MAIN LIBRARY, KITWE.   06/06/2023   HG 4027.5 Sha 007447 06/06/2023 4 06/06/2023 MONOGRAPH